书目信息 |
| 题名: |
炼焦新工艺与技术
|
|
| 作者: | 郑明东 水恒福 崔平 | |
| 分册: | ||
| 出版信息: | 北京 化学工业出版社 |
|
| 页数: | 378 | |
| 开本: | 20cm | |
| 丛书名: | ||
| 单 册: | ||
| 中图分类: | TQ52 | |
| 科图分类: | ||
| 主题词: | 炼焦--化学工业 | |
| 电子资源: | ||
| ISBN: | 7-5025-7816-1 | |
| 000 | 00578nam0 2200181 450 | |
| 001 | 0736775523 | |
| 005 | 20070929101255.51 | |
| 010 | @a7-5025-7816-1@d¥29.00 | |
| 100 | @a20070929d km y0chiy0120 ea | |
| 101 | 0 | @achi |
| 200 | 1 | @a炼焦新工艺与技术@Alian jiao xin gong yi yu ji shu@f郑明东 水恒福 崔平@Fzheng ming dong shui heng fu cui ping |
| 210 | @a北京@c化学工业出版社 | |
| 215 | @a378@d20cm | |
| 606 | 0 | @a炼焦@x化学工业 |
| 690 | @aTQ52@v3 | |
| 701 | 0 | @a郑明东 水恒福 崔平@Azheng ming dong shui heng fu cui ping |
| 801 | 0 | @aCN@bPFT@c20070929 |
| 905 | @a213230@dTQ52@en1@f1 | |
| 炼焦新工艺与技术/郑明东 水恒福 崔平.-北京:化学工业出版社 |
| 378;20cm |
| ISBN 7-5025-7816-1:¥29.00 |
| ● |
| 相关链接 |
|
|
|
|
正题名:炼焦新工艺与技术
索取号:TQ52/n1
 
预约/预借
| 序号 | 登录号 | 条形码 | 馆藏地/架位号 | 状态 | 备注 |
| 1 | 6602392 | 266023938 | 密集书库-生命科学系/ [索取号:TQ52/n1] | 在馆 |